Statistics for All World Leaders 2021

Click here to take the quiz!

General Stats

  • This quiz has been taken 982 times
    (17 since last reset)
  • The average score is 45 of 205

Answer Stats

CountryTitleAnswer% Correct
FrancePresident - 2017Emmanuel Macron
93%
ChinaGeneral Secretary - 2012Xi Jinping
93%
United StatesPresident - 2021Joe Biden
93%
CanadaPrime Minister - 2015Justin Trudeau
93%
North KoreaSupreme Leader - 2011Kim Jong-un
86%
United KingdomPrime Minister - 2019Boris Johnson
86%
RussiaPresident - 2012Vladimir Putin
79%
IsraelPrime Minister - 2009Benjamin Netanyahu
79%
GermanyChancellor - 2005Angela Merkel
79%
BrazilPresident - 2019Jair Bolsonaro
71%
AustraliaPrime Minister - 2018Scott Morrison
64%
TurkeyPresident - 2014Recep Tayyip Erdoğan
64%
CubaFirst Secretary - 2011Raúl Castro
64%
MexicoPresident - 2018Andrés Manuel López Obrador
64%
Vatican CitySovereign - 2013Pope Francis
64%
Saudi ArabiaKing - 2015Salman
64%
IndiaPrime Minister - 2014Narendra Modi
64%
SyriaPresident - 2000Bashar al-Assad
57%
PakistanPrime Minister - 2018Imran Khan
50%
HungaryPrime Minister - 2010Viktor Orbán
50%
EgyptPresident - 2014Abdel Fattah el-Sisi
50%
EthiopiaPrime Minister - 2018Abiy Ahmed
50%
PhilippinesPresident - 2016Rodrigo Duterte
50%
BelarusPresident - 1994Alexander Lukashenko
50%
VenezuelaPresident - 2013Nicolás Maduro
50%
South KoreaPresident - 2017Moon Jae-in
50%
IndonesiaPresident - 2014Joko Widodo
50%
New ZealandPrime Minister - 2017Jacinda Ardern
43%
JapanPrime Minister - 2020Yoshihide Suga
43%
IranSupreme Leader - 1989Ali Khamenei
43%
IranPresident - 2013Hassan Rouhani
43%
AlbaniaPrime Minister - 2013Edi Rama
43%
GuyanaPresident - 2020Irfaan Ali
36%
MoroccoKing - 1999Mohammed VI
36%
SerbiaPresident - 2017Aleksandar Vučić
36%
PolandPresident - 2015Andrzej Duda
36%
TaiwanPresident - 2016Tsai Ing-wen
36%
JordanKing - 1999Abdullah II
36%
ThailandPrime Minister - 2014Prayut Chan-o-cha
36%
IrelandTaoiseach - 2020Micheál Martin
36%
RwandaPresident - 2000Paul Kagame
36%
AfghanistanPresident - 2014Ashraf Ghani
29%
NicaraguaPresident - 2007Daniel Ortega
29%
South AfricaPresident - 2018Cyril Ramaphosa
29%
SwedenPresident - 2014Stefan Löfven
29%
TajikistanPresident - 1992Emomali Rahmon
29%
VietnamGeneral Secretary - 2011Nguyễn Phú Trọng
29%
NorwayPrime Minister - 2013Erna Solberg
29%
ZimbabwePresident - 2017Emmerson Mnangagwa
29%
ArgentinaPresident - 2019Alberto Fernández
29%
CambodiaPrime Minister - 1985Hun Sen
29%
AzerbaijanPresident - 2003Ilham Aliyev
29%
LiberiaPresident - 2018George Weah
21%
KazakhstanChairman of the Security Council - 1991Nursultan Nazarbayev
21%
Congo, Democratic Republic of thePresident - 2019Félix Tshisekedi
21%
BhutanKing - 2006Jigme Khesar Namgyel Wangchuck
21%
RomaniaPresident - 2014Klaus Iohannis
21%
ChilePresident - 2018Sebastián Piñera
21%
ItalyPrime Minister - 2021Mario Draghi
21%
KazakhstanPresident - 2019Kassym-Jomart Tokayev
21%
BruneiSultan - 1967Hassanal Bolkiah
21%
KenyaPresident - 2013Uhuru Kenyatta
21%
NigeriaPresident - 2015Muhammadu Buhari
21%
BulgariaPrime Minister - 2017Boyko Borisov
21%
MozambiquePresident - 2015Filipe Nyusi
21%
CameroonPresident - 1982Paul Biya
21%
MonacoPrince - 2005Albert II
21%
MalaysiaPrime Minister - 2020Muhyiddin Yassin
21%
HaitiPresident - 2017Jovenel Moïse
21%
MalawiPresident - 2020Lazarus Chakwera
21%
BangladeshPrime Minister - 2009Sheikh Hasina
21%
TurkmenistanPresident - 2007Gurbanguly Berdimuhamedow
21%
UgandaPresident - 1986Yoweri Museveni
21%
DenmarkPrime Minister - 2019Mette Frederiksen
21%
EswatiniKing - 1986Mswati III
21%
AustriaChancellor - 2020Sebastian Kurz
21%
Finland Prime Minister - 2019Sanna Marin
21%
EritreaPresident - 1993Isaias Afwerki
21%
Antigua and BarbudaPrime Minister - 2014Gaston Browne
21%
GreecePrime Minister - 2019Kyriakos Mitsotakis
21%
AngolaPresident - 2017João Lourenço
21%
Zambia President - 2015Edgar Lungu
21%
NepalPrime Minister - 2020KP Sharma Oli
14%
Burkina FasoPresident - 2015Roch Marc Christian Kaboré
14%
UzbekistanPresident - 2016Shavkat Mirziyoyev
14%
UkrainePrime Minister - 2020Denys Shmyhal
14%
NigerPresident - 2011Mahamadou Issoufou
14%
OmanSultan - 2020Haitham bin Tariq
14%
NetherlandsPrime Minister - 2010Mark Rutte
14%
Bosnia and HerzegovinaHigh Representative - 2009Valentin Inzko
14%
Bosnia and HerzegovinaChairman - 2020Milorad Dodik
14%
TanzaniaPresident - 2015John Magufuli
14%
South SudanPresident - 2011Salva Kiir Mayardit
14%
SlovakiaPrime Minister - 2020Igor Matovič
14%
SingaporePrime Minister - 2004Lee Hsien Loong
14%
SerbiaPrime Minister - 2017Ana Brnabić
14%
SenegalPresident - 2012Macky Sall
14%
MadagascarPresident - 2019Andry Rajoelina
14%
SamoaPrime Minister - 1998Tuilaepa Aiono Sailele Malielegaoi
14%
SpainPrime Minister - 2018Pedro Sánchez
14%
TogoPresident - 2005Faure Gnassingbé
14%
TongaKing - 2012Tupou VI
14%
QatarEmir - 2013Tamim bin Hamad Al Thani
14%
ArmeniaPrime Minister - 2018Nikol Pashinyan
14%
PortugalPrime Minister - 2015António Costa
14%
BoliviaPresident - 2020Luis Arce
14%
BeninPresident - 2016Patrice Talon
14%
DominicaPrime Minister - 2004Roosevelt Skerrit
14%
NamibiaPresident - 2015Hage Geingob
14%
FijiPrime Minister - 2007Frank Bainimarama
14%
HondurasPresident - 2014Juan Orlando Hernández
14%
CroatiaPrime Minister- 2016Andrej Plenković
14%
ChadPresident - 1990Idriss Déby
14%
Ivory CoastPresident - 2010Alassane Ouattara
14%
JamaicaPrime Minister - 2016Andrew Holness
14%
Central African RepublicPresident - 2016Faustin-Archange Touadéra
14%
GuineaPresident - 2010Alpha Condé
14%
KosovoPrime Minister - 2020Avdullah Hoti
14%
GhanaPresident - 2017Nana Akufo-Addo
14%
GabonPresident - 2009Ali Bongo Ondimba
14%
Czech RepublicPrime Minister - 2017Andrej Babiš
14%
Congo, Republic of the President - 1997Denis Sassou Nguesso
14%
Equatorial GuineaPresident - 1979Teodoro Obiang Nguema Mbasogo
14%
El SalvadorPresident - 2019Nayib Bukele
14%
EcuadorPresident - 2017Lenín Moreno
14%
LiechtensteinRegent - 2004Alois
14%
East TimorPresident - 2017Francisco Guterres
14%
United Arab EmiratesPresident - 2004Khalifa bin Zayed Al Nahyan
7%
BelgiumPrime Minister - 2020Alexander De Croo
7%
BarbadosPrime Minister - 2018Mia Mottley
7%
AndorraPrime Minister - 2019Xavier Espot Zamora
7%
AlgeriaPresident - 2019Abdelmajid Tebboune
7%
Yemen President - 2012Abdrabbuh Mansur Hadi
7%
SloveniaPrime Minister - 2020Janez Janša
7%
SomaliaPrime Minister - 2020Mohamed Hussein Roble
7%
Solomon IslandsPrime Minister - 2019Manasseh Sogavare
7%
VanuatuPrime Minister - 2020Bob Loughman
7%
Sierra LeonePresident - 2018Julius Maada Bio
7%
SeychellesPresident - 2020Wavel Ramkalawan
7%
BelizePrime Minister - 2020Juan Briceño
7%
Guinea-BissauPresident - 2020Umaro Sissoco Embaló
7%
SudanChairman of the Sovereignty Council - 2019Abdel Fattah al-Burhan
7%
Sri LankaPresident - 2019Gotabaya Rajapaksa
7%
UruguayPresident - 2020Luis Lacalle Pou
7%
TunisiaPresident - 2019Kaïs Saïed
7%
Trinidad and TobagoPrime Minister - 2015Keith Rowley
7%
Gambia, thePresident - 2017Adama Barrow
7%
TongaPrime Minister - 2019Pōhiva Tu'i'onetoa
7%
GeorgiaPrime Minister - 2019Giorgi Gakharia
7%
CyprusPrime Minister - 2013Nicos Anastasiades
7%
Costa RicaPresident - 2018Carlos Alvarado Quesada
7%
TuvaluPrime Minister - 2019Kausea Natano
7%
Bahamas, thePrime Minister - 2017Hubert Minnis
7%
DjiboutiPresident - 1999Ismaïl Omar Guelleh
7%
BahrainKing - 1999Hamad bin Isa Al Khalifa
7%
SwitzerlandPresident - 2021Guy Parmelin
7%
GuatemalaPresident - 2020Alejandro Giammattei
7%
SurinamePresident - 2020Chan Santokhi
7%
GrenadaPrime Minister - 2013Keith Mitchell
7%
LuxembourgPrime Minister - 2013Xavier Bettel
7%
IcelandPrime Minister - 2017Katrín Jakobsdóttir
7%
MontenegroPrime Minister - 2020Zdravko Krivokapić
7%
LatviaPrime Minister - 2019Krišjānis Kariņš
7%
LebanonPrime Minister - 2020 (interim)Hassan Diab
7%
NauruPresident - 2019Lionel Aingimea
7%
Dominican RepublicPresident - 2020Luis Abinader
7%
MyanmarState Leader - 2021Min Aung Hlaing
7%
LesothoPrime Minister - 2020Moeketsi Majoro
7%
BurundiPresident - 2020Évariste Ndayishimiye
7%
MongoliaPresident - 2017Khaltmaagiin Battulga
7%
Kyrgyzstan`President - 2021Sadyr Japarov
7%
MoldovaPrime Minister - 2020 (interim)Aureliu Ciocoi
7%
MicronesiaPresident - 2019David W. Panuelo
7%
MauritiusPrime Minister - 2017Pravind Jugnauth
7%
MauritaniaPresident - 2019Mohamed Ould Ghazouani
7%
Marshall IslandsPresident - 2020David Kabua
7%
MaltaPrime Minister - 2020Robert Abela
7%
MaliPresident - 2020 (interim)Bah Ndaw
7%
MaldivesPresident - 2018Ibrahim Mohamed Solih
7%
São Tomé and PrincipePresident - 2016Evaristo Carvalho
7%
LaosGeneral Secretary - 2021Thongloun Sisoulith
7%
San MarinoCaptain Regent - 2020Alessandro Cardelli
7%
KuwaitEmir - 2020Nawaf Al-Ahmad Al-Jaber Al-Sabah
7%
LithuaniaPresident - 2019Gitanas Nausėda
7%
ComorosPresident - 2016Azali Assoumani
7%
Saint Vincent and the GrenadinesPrime Minister - 2001Ralph Gonsalves
7%
Saint LuciaPrime Minister - 2016Allen Chastanet
7%
Saint Kitts and NevisPrime Minister - 2015Timothy Harris
7%
BhutanPrime Minister - 2018Lotay Tshering
7%
ColombiaPresident - 2018Iván Duque Márquez
7%
IraqPrime Minister - 2020Mustafa Al-Kadhimi
7%
PeruPresident - 2020 (interim)Francisco Sagasti
7%
ParaguayPresident - 2018Mario Abdo Benítez
7%
Papua New GuineaPrime Minister - 2019James Marape
7%
PanamaPresident - 2019Laurentino Cortizo
7%
Cape VerdePresident - 2011Jorge Carlos Fonseca
7%
KiribatiPresident - 2016Taneti Maamau
7%
BotswanaPresident - 2018Mokgweetsi Masisi
7%
North MacedoniaPrime Minister - 2020Oliver Spasovski
7%
EstoniaPrime Minister - 2021Kaja Kallas
0%
LibyaPrime Minister - 2021Abdulhamid Dbeibeh
0%
LibyaPresident - 2021Mohamed al-Menfi
0%
MyanmarPresident - 2021 (interim)Myint Swe
0%
PalauPresident - 2021Surangel Whipps Jr.
0%
KyrgyzstanPrime Minister - 2021Ulukbek Maripov
0%

Score Distribution

Percentile by Number Answered

Percent of People with Each Score

Your Score History

You have not taken this quiz since the last reset